|
|
|
|
| LEADER |
00000nam a2200000 a 4500 |
| 001 |
vtls011886652 |
| 003 |
SK-MaSNL |
| 005 |
20260301101810.0 |
| 008 |
251112s1807 hu 000 0 lat |
| 015 |
|
|
|a SNBHFA1807
|
| 040 |
|
|
|a SNKHF
|b slo
|c SNK
|e AACR2
|
| 041 |
0 |
|
|a lat
|
| 044 |
|
|
|a hu
|c HU
|
| 072 |
|
7 |
|a 005.91:82-6
|x Úradná korešpondencia
|2 konspekt
|
| 080 |
|
|
|a 005.91:82-6
|2 2011
|
| 100 |
0 |
|
|a Széchényi, Pál,
|d 1645-1710
|4 aut
|9 436586
|
| 245 |
1 |
0 |
|a Epistolae Archiepiscoporvm Georgii Strigoneinsis Et Pavli Colocensis E Comitibvs Szécsénzi [...]
|n Pars I.
|c Ex Avtographis Edidit Iac. Ferdin. De Miller
|
| 260 |
|
|
|a Pestini
|b Typis Mathiae Trattner
|c 1807
|
| 300 |
|
|
|a 320, [1] strán
|c 22 cm
|
| 500 |
|
|
|a Iniciály na 2 riadky, typografické linky, marginálie
|
| 504 |
|
|
|a Poznámkový aparát
|
| 546 |
|
|
|a Latinčina
|
| 561 |
|
|
|a Z knižnice Učenej spoločnosti malohontskej.
|5 SNK IC 145122/1
|
| 561 |
|
|
|a Rukopisný posesorský záznam na titulnom liste: Ex ablatione anitoris Petr Kubinyi.
|5 SNK IC 145122/1
|
| 650 |
0 |
7 |
|a korešpondencia
|2 SNKPH
|9 645
|
| 700 |
1 |
|
|a Kubíni, Peter,
|d 1765-1835
|4 fmo
|9 185995
|
| 700 |
1 |
|
|a Széchényi, Pál,
|d 1645-1710
|4 crp
|9 436586
|
| 700 |
1 |
|
|a Miller, Jakab Ferdinánd,
|d 1749-1823
|4 edt
|9 322580
|
| 710 |
2 |
|
|a Učená spoločnosť malohontská
|4 fmo
|9 205374
|
| 710 |
2 |
|
|a Trattner-nyomda (Budapešť, Maďarsko),
|d 1783-1827
|4 prt
|9 159178
|
| 752 |
|
|
|a Maďarsko
|d Budapešť
|
| 852 |
|
|
|a snk
|b Historické fondy
|p IC 145122/1
|
| 999 |
|
|
|c 690367
|d 692297
|
| 952 |
|
|
|t MHC XVI.29
|a SNK
|b SNK
|c SNK_HF
|y PREZ
|7 0
|p 17A1303157
|o snkIC 145122/1
|i snk2019/22841
|8 5
|0 0
|1 0
|4 0
|d 2019-09-12
|l 0
|r 2026-02-23 20:25:17
|w 2026-02-23
|